000 01108nam0a22002891 4500
001 rc\22621
005 20250620121038.0
010 _a5-02-029793-3
_91300
035 _a(NLR Aleph) 005310540
090 _a6381318
_c6381318
100 _a20021216d1992 |||y0rusy50 ca
101 0 _arus
102 _aRU
105 _ay |||||||||
200 1 _aПобудительная фраза в якутском языке
_e(Структур.-коммуникатив. аспект)
_fОтв. ред. Н.Н. Тобуроков
_gРос. акад. наук. Сиб. отд-ние. Якут. ин-т яз., лит. и истории
210 _aНовосибирск
_cНаука. Сиб. изд. фирма
_d1992
215 _a123, [2] с.
_d21
320 _aБиблиогр.: с. 119-121 (62 назв.)
320 _aБиблиогр. в примеч.: с. 122-124
700 1 _aАлексеев
_bИ.Е.
_gИван Егорович
801 0 _aRU
_bNLR
_gpsbo
801 1 _aRU
_bELAR
_2rusmarc
852 _aNLR
_jОНЛ
852 _aNLR
_bОНЛ
_jЯкут/3-2227
942 _cBOOK
980 _aNB